| 000 | 00444nam a22001697a 4500 | ||
|---|---|---|---|
| 003 | CEME | ||
| 005 | 20210628203614.0 | ||
| 008 | 210203b xxu||||| |||| 00| 0 eng d | ||
| 040 | _c. | ||
| 082 | _a297 NAS | ||
| 100 |
_aNasr Bin Muhammad, Abdul Majeed Anwar _966511 |
||
| 245 | _aTambeeh-tul-ghafaileen | ||
| 250 | _a2VOLS | ||
| 260 |
_aMULTAN _bMAKTABADA IMDADIA _c2000 |
||
| 650 |
_aISLAM-TAMBEEH-TUL-GHAFAILEEN _966512 |
||
| 942 |
_cBK _2ddc |
||
| 999 |
_c574478 _d574478 |
||